Statistics for Biggest Cities (and Towns) in the UK (Extreme)

Click here to take the quiz!

General Stats

  • This quiz has been taken 5,804 times
    (261 since last reset)
  • The average score is 373 of 856

Answer Stats

PopulationRegionCity% Correct
455,123Yorkshire HumberLeeds
94%
1,223,000West MidlandsBirmingham
93%
447,287WalesCardiff
93%
464,990ScotlandEdinburgh
93%
591,620ScotlandGlasgow
93%
864,122North WestLiverpool
93%
8,908,081LondonLondon
93%
563,561North WestManchester
93%
685,368Yorkshire HumberSheffield
91%
617,280South WestBristol
90%
508,916East MidlandsLeicester
90%
158,434East of EnglandCambridge
89%
153,717Yorkshire HumberYork
89%
274,770Northern IrelandBelfast
88%
75,794West MidlandsNewcastle-under-Lyme
88%
192,382North EastNewcastle-upon-Tyne
88%
213,166East of EnglandNorwich
88%
171,380South EastOxford
88%
246,201South EastSouthampton
88%
196,670ScotlandAberdeen
87%
314,018Yorkshire HumberKingston-upon-Hull
87%
329,200East MidlandsNottingham
87%
270,468East MidlandsDerby
86%
300,352WalesSwansea
86%
215,963East MidlandsNorthampton
85%
260,203South WestPlymouth
85%
85,629South WestBath
84%
299,310Yorkshire HumberBradford
84%
359,262West MidlandsCoventry
84%
117,763South WestExeter
84%
372,775West MidlandsStoke-on-Trent
84%
335,415North EastSunderland
84%
252,791West MidlandsWolverhampton
84%
139,001South EastBrighton
83%
178,835East of EnglandIpswich
83%
24,884South EastNewport
83%
12,741West MidlandsNewport
83%
306,844WalesNewport
83%
194,150South EastPortsmouth
83%
147,710ScotlandDundee
82%
318,014South EastReading
82%
146,521North WestBlackburn
81%
239,409North WestBlackpool
81%
90,524North WestChester
81%
36,917North EastChester-le-Street
81%
258,018East of EnglandLuton
81%
142,707North EastMiddlesbrough
81%
114,879East MidlandsLincoln
80%
13,961East MidlandsBourne
79%
150,053South WestGloucester
79%
46,870ScotlandInverness
79%
83,652Northern IrelandLondonderry
79%
141,331North WestBolton
78%
163,600South WestBournemouth
78%
158,141Yorkshire HumberDoncaster
78%
313,332North WestPreston
78%
295,310East of EnglandSouthend-on-Sea
78%
47,162North WestLancaster
77%
185,609South WestSwindon
77%
121,859East of EnglandColchester
76%
125,707East of EnglandWatford
76%
71,447Yorkshire HumberBarnsley
75%
78,470North WestCarlisle
75%
41,709South EastDover
75%
134,160Yorkshire HumberGrimsby
75%
163,379East of EnglandPeterborough
75%
101,659West MidlandsWorcester
75%
229,941South EastMilton Keynes
74%
150,092South WestPoole
74%
65,692WalesWrexham
74%
47,180ScotlandPerth
73%
325,264North WestBirkenhead
72%
60,415West MidlandsHereford
72%
72,750North WestSalford
72%
139,052North WestStockport
72%
118,219South EastEastbourne
71%
149,017Yorkshire HumberHuddersfield
71%
149,422North WestBurnley
70%
84,561East of EnglandSt Albans
70%
187,600LondonSutton
70%
43,912East MidlandsSutton-in-Ashfield
70%
55,240South EastCanterbury
69%
47,785North EastDurham
69%
133,422South EastHastings
69%
163,777South EastSlough
69%
165,456North WestWarrington
69%
175,405North WestWigan
69%
61,044North WestBury
68%
42,812East of EnglandBury St Edmunds
68%
111,511East of EnglandChelmsford
68%
88,855North EastHartlepool
68%
117,618Yorkshire HumberRotherham
68%
135,618West MidlandsWest Bromwich
68%
199,059West MidlandsDudley
67%
47,898East MidlandsLong Eaton
67%
171,958East MidlandsMansfield
67%
18,330East MidlandsMansfield Woodhouse
67%
104,782North WestOldham
67%
147,980West MidlandsTelford
67%
106,940East of EnglandBedford
66%
116,447South WestCheltenham
66%
180,508South EastCrawley
66%
75,556North WestCrewe
66%
173,314LondonCroydon
66%
77,649North EastGateshead
66%
82,624Yorkshire HumberHalifax
66%
107,627South EastMaidstone
66%
97,550North WestRochdale
66%
44,748South WestSalisbury
66%
71,715West MidlandsShrewsbury
66%
96,267West MidlandsSolihull
66%
90,232East of EnglandStevenage
66%
36,440ScotlandStirling
66%
65,388South WestTorquay
66%
78,978Yorkshire HumberWakefield
66%
113,057East MidlandsChesterfield
65%
102,555North WestSt Helens
65%
24,040West MidlandsWarwick
65%
82,903South WestWeston-super-Mare
65%
47,190ScotlandAyr
64%
60,385Northern IrelandBangor
64%
16,358WalesBangor
64%
63,434East of EnglandGreat Yarmouth
64%
172,141West MidlandsWalsall
64%
103,932South EastWoking
64%
18,749WalesAberystwyth
63%
45,865North WestBarrow-in-Furness
63%
144,859East of EnglandBasildon
63%
107,642South EastBasingstoke
63%
41,340East MidlandsBoston
63%
92,363North EastDarlington
63%
25,847East of EnglandHertford
63%
133,204South EastHigh Wycombe
63%
64,831South EastMaidenhead
63%
79,977Yorkshire HumberScunthorpe
63%
91,703North WestSouthport
63%
69,217West MidlandsStafford
63%
27,830West MidlandsStratford-upon-Avon
63%
46,074South EastWinchester
63%
74,748South EastAylesbury
62%
54,673WalesBarry
62%
75,174South EastHove
62%
64,621South WestTaunton
62%
33,348South EastWindsor
62%
101,187South EastGillingham
61%
89,060Yorkshire HumberHarrogate
61%
46,093East of EnglandKing's Lynn
61%
55,689North WestSale
61%
23,041South WestTruro
61%
13,265North EastBerwick-upon-Tweed
60%
122,199West MidlandsBurton-upon-Trent
60%
71,873South EastGuildford
60%
63,675East MidlandsKettering
60%
10,001LondonKingston-upon-Thames
60%
32,877West MidlandsLichfield
60%
19,872South WestPenzance
60%
73,150West MidlandsRugby
60%
61,749Yorkshire HumberScarborough
60%
45,784South WestYeovil
60%
59,932East MidlandsLoughborough
59%
33,280North WestMorecambe
59%
79,957North EastStockton-on-Tees
59%
57,691South WestWeymouth
59%
19,090East of EnglandEly
58%
85,629East of EnglandHemel Hempstead
58%
70,945East of EnglandLowestoft
58%
63,954North WestMacclesfield
58%
50,380ScotlandDunfermline
57%
53,200ScotlandHamilton
57%
60,134South EastMargate
57%
95,172West MidlandsRoyal Leamington Spa
57%
83,655North EastSouth Shields
57%
81,964West MidlandsTamworth
57%
11,343South WestWells
57%
99,110South EastWorthing
57%
62,787South EastAshford
56%
27,382South EastAshford
56%
31,988South WestFalmouth
56%
28,671South EastRochester
56%
13,213Yorkshire HumberWhitby
56%
19,184North EastYarm
56%
61,339South EastAldershot
55%
41,548North WestAltrincham
55%
14,801Northern IrelandArmagh
55%
48,651South EastBanbury
55%
108,368LondonDagenham
55%
35,310ScotlandFalkirk
55%
11,431WalesHolyhead
55%
57,059West MidlandsKidderminster
55%
46,350ScotlandKilmarnock
55%
15,371WalesLlandudno
55%
32,120ScotlandMotherwell
55%
37,203North EastRedcar
55%
95,000LondonRomford
55%
107,030West MidlandsSutton Coldfield
55%
35,318North WestAccrington
54%
29,039North WestAshton in Makerfield
54%
43,675North WestAshton-under-Lyne
54%
31,060WalesCaerphilly
54%
31,654South EastChichester
54%
56,810East MidlandsCorby
54%
66,429South EastFolkestone
54%
43,833East MidlandsGrantham
54%
50,171Yorkshire HumberKeighley
54%
49,591WalesLlanelli
54%
20,189South WestNewquay
54%
21,782North WestNewton-le-Willows
54%
24,650ScotlandNewton Mearns
54%
24,876East MidlandsSkegness
54%
12,890South EastBuckingham
53%
21,300East MidlandsBuxton
53%
33,888North WestChorley
53%
16,879South WestDorchester
53%
33,280ScotlandDumfries
53%
103,970LondonEnfield Town
53%
38,726South EastFleet
53%
94,365East of EnglandHarlow
53%
46,126WalesNeath
53%
84,300West MidlandsRedditch
53%
25,874WalesRhyl
53%
68,910South EastRoyal Tunbridge Wells
53%
59,910East of EnglandWelwyn Garden City
53%
63,885South EastBognor Regis
52%
58,380WalesBridgend
52%
50,548East of EnglandClacton-on-Sea
52%
56,694South EastDartford
52%
70,793South EastGosport
52%
11,494South EastHenley-on-Thames
52%
29,147North WestKendal
52%
43,626North WestLeigh
52%
77,506Northern IrelandLisburn
52%
16,800ScotlandSaint Andrews
52%
76,103South EastBracknell
51%
35,154Yorkshire HumberBridlington
51%
26,218Isle of ManDouglas
51%
29,171East of EnglandFelixstowe
51%
25,359North WestFleetwood
51%
26,203South WestFrome
51%
49,460ScotlandKirkcaldy
51%
56,570ScotlandLivingston
51%
27,757Northern IrelandNewry
51%
76,220ScotlandPaisley
51%
38,624South EastRamsgate
51%
14,651WalesAbergavenny
50%
33,846South EastBicester
50%
26,050North EastBishop Auckland
50%
57,791North WestBootle
50%
75,509South EastChatham
50%
74,740ScotlandEast Kilbride
50%
54,225South EastEastleigh
50%
89,755East of EnglandGrays
50%
10,632LondonHarrow on the Hill
50%
14,258West MidlandsStone
50%
56,284West MidlandsStourbridge
50%
53,526North EastWashington
50%
37,130ScotlandAirdrie
49%
23,640ScotlandArbroath
49%
61,000LondonBarking
49%
30,587Yorkshire HumberBeverley
49%
53,477East of EnglandBraintree
49%
52,586East of EnglandBrentwood
49%
35,800South WestChippenham
49%
51,610ScotlandCumbernauld
49%
67,768North WestEllesmere Port
49%
27,065South EastEpsom
49%
34,432South WestExmouth
49%
43,690ScotlandGreenock
49%
23,937East of EnglandHuntingdon
49%
43,820WalesMerthyr Tydfil
49%
33,065South EastNewbury
49%
11,357WalesNewtown
49%
92,698West MidlandsNuneaton
49%
15,181North WestPenrith
49%
62,872North WestRuncorn
49%
60,155South WestStroud
49%
24,900North WestWhitehaven
49%
61,464North WestWidnes
49%
31,616South WestBarnstaple
48%
32,017Yorkshire HumberCleethorpes
48%
56,640Yorkshire HumberDewsbury
48%
45,589North WestMiddleton
48%
18,743West MidlandsOswestry
48%
49,886South WestPaignton
48%
27,120North WestWorkington
48%
86,121West MidlandsCannock
47%
19,950ScotlandDumbarton
47%
54,263South EastGravesend
47%
33,740ScotlandIrvine
47%
43,544South EastLeatherhead
47%
20,384East of EnglandNewmarket
47%
39,747North EastNorth Shields
47%
10,582West MidlandsRoss-on-Wye
47%
38,657South EastTonbridge
47%
42,276South EastAndover
46%
36,338East of EnglandBillericay
46%
37,339North EastBlyth
46%
49,117West MidlandsBromsgrove
46%
60,509Yorkshire HumberCastleford
46%
37,275North WestEccles
46%
10,289East of EnglandEpping
46%
59,902South EastFarnborough
46%
31,926North WestHyde
46%
11,184South WestIlfracombe
46%
27,264North EastJarrow
46%
42,744North WestKirkby
46%
27,539East MidlandsKirkby-in-Ashfield
46%
17,297South EastLewes
46%
58,714South EastLittlehampton
46%
17,226North WestNantwich
46%
47,421North WestNorthwich
46%
21,056Northern IrelandOmagh
46%
44,710Yorkshire HumberPontefract
46%
18,701WalesPrestatyn
46%
30,196East of EnglandRayleigh
46%
42,690South WestRedruth
46%
38,944North WestSkelmersdale
46%
31,588East MidlandsSpalding
46%
20,592East MidlandsStamford
46%
58,794North WestWallasey
46%
21,731South EastAmersham
45%
12,370East MidlandsAshby-de-la-Zouch
45%
21,226South EastCowes
45%
23,576West MidlandsEvesham
45%
11,388North EastHexham
45%
10,110WalesMonmouth
45%
18,450ScotlandPeterhead
45%
30,420WalesPontypridd
45%
33,109Yorkshire HumberPudsey
45%
16,363Yorkshire HumberRipon
45%
24,859Yorkshire HumberSelby
45%
29,506South EastSevenoaks
45%
51,040South EastStaines
45%
19,778South WestTewkesbury
45%
32,489East of EnglandWisbech
45%
43,252East MidlandsWorksop
45%
20,390ScotlandAlloa
44%
16,169WalesChepstow
44%
42,396South WestChristchurch
44%
17,153South WestCirencester
44%
38,245East MidlandsCoalville
44%
48,157WalesCwmbran
44%
17,747South EastDorking
44%
36,971South EastFarnham
44%
33,243East MidlandsGlossop
44%
41,677East of EnglandHatfield
44%
45,574South EastHavant
44%
37,469East of EnglandLeighton Buzzard
44%
23,620ScotlandMusselburgh
44%
35,686WalesPontypool
44%
51,559South EastRedhill
44%
24,833East of EnglandThetford
44%
50,577East MidlandsWellingborough
44%
22,816South WestWellington
44%
31,135WalesAberdare
43%
50,807Yorkshire HumberBatley
43%
41,276South WestBridgwater
43%
34,284WalesColwyn Bay
43%
23,879East MidlandsDaventry
43%
57,390South EastFareham
43%
26,442WalesFlint
43%
51,472South EastHorsham
43%
19,903West MidlandsLeek
43%
16,419East MidlandsLouth
43%
10,515West MidlandsLudlow
43%
41,327North WestLytham St Annes
43%
11,981South WestMinehead
43%
10,058WalesMold
43%
11,880ScotlandMontrose
43%
16,832Yorkshire HumberNorthallerton
43%
23,699South WestPortishead
43%
14,750ScotlandPrestwick
43%
52,123South EastReigate
43%
14,623Yorkshire HumberSkipton
43%
25,447South WestSt Austell
43%
47,000West MidlandsTipton
43%
13,089West MidlandsUttoxeter
43%
38,055North EastWhitley Bay
43%
41,143South EastWokingham
43%
27,670North EastAshington
42%
20,327Yorkshire HumberBingley
42%
14,614South WestBodmin
42%
38,170East of EnglandCanvey Island
42%
33,068WalesEbbw Vale
42%
14,472Northern IrelandEnniskillen
42%
15,315North WestHale
42%
36,642South EastHerne Bay
42%
22,911East MidlandsMarket Harborough
42%
14,956East MidlandsMatlock
42%
27,158East MidlandsMelton Mowbray
42%
30,811East of EnglandSaint Neots
42%
38,676South EastAbingdon
41%
16,584South EastAlton
41%
40,478South EastBexhill-on-Sea
41%
50,193South EastBletchley
41%
19,904Yorkshire HumberBrough
41%
11,404West MidlandsCheadle
41%
28,952North WestCheadle Hulme
41%
26,640ScotlandClydebank
41%
43,970ScotlandCoatbridge
41%
36,770West MidlandsGreat Malvern
41%
20,723East of EnglandHarwich
41%
50,000LondonHayes
41%
45,249East MidlandsHinckley
41%
36,099East of EnglandHitchin
41%
54,738North WestHuyton
41%
38,587East MidlandsIlkeston
41%
13,191North WestKnutsford
41%
37,584East MidlandsRushden
41%
19,544South WestTiverton
41%
17,436North EastTynemouth
41%
10,000LondonUpminster
41%
20,149North WestAtherton
40%
11,066Yorkshire HumberBarton-upon-Humber
40%
28,672South WestBideford
40%
32,176East of EnglandBorehamwood
40%
29,208Northern IrelandCarrickfergus
40%
52,140North WestCrosby
40%
32,566North WestDarwen
40%
20,842East MidlandsGainsborough
40%
20,810Yorkshire HumberGoole
40%
14,596WalesHaverfordwest
40%
14,809Yorkshire HumberIlkley
40%
37,614North WestLeyland
40%
21,051East of EnglandMarch
40%
13,582WalesMilford Haven
40%
57,385Yorkshire HumberMorley
40%
43,363East MidlandsNewark-on-Trent
40%
36,474South WestNewton Abbot
40%
63,860Northern IrelandNewtownabbey
40%
10,922East MidlandsOakham
40%
24,073North WestOrmskirk
40%
15,248LondonOrpington
40%
37,015North EastPeterlee
40%
59,450WalesRhondda
40%
26,082South EastRyde
40%
41,953North WestStretford
40%
22,213East of EnglandSudbury
40%
18,069East of EnglandWaltham Abbey
40%
22,834South EastWalton-on-Thames
40%
17,458East of EnglandWalton-on-the-Naze
40%
17,576East of EnglandWare
40%
24,337West MidlandsWednesbury
40%
36,617North WestWilmslow
40%
29,103South EastWitney
40%
37,873East MidlandsArnold
39%
28,932Northern IrelandBallymena
39%
16,693South WestBrixham
39%
57,374East of EnglandCheshunt
39%
26,178North WestCongleton
39%
33,845South EastHaywards Heath
39%
18,261South EastMarlow
39%
13,222South EastNewhaven
39%
40,889North WestPrescot
39%
32,125North WestPrestwich
39%
28,544Yorkshire HumberShipley
39%
48,948South EastSittingbourne
39%
11,329South EastThame
39%
42,739North EastWallsend
39%
48,314East MidlandsWest Bridgford
39%
19,661Northern IrelandAntrim
38%
82,000LondonBeckenham
38%
35,708North EastBillingham
38%
23,430ScotlandBishopbriggs
38%
23,283South EastBroadstairs
38%
10,354East of EnglandChigwell
38%
11,312South WestDawlish
38%
18,064South WestDevizes
38%
23,329North WestFormby
38%
39,100ScotlandGlenrothes
38%
14,740Yorkshire HumberKnaresborough
38%
22,748North WestStalybridge
38%
21,938North EastStanley
38%
10,454South WestSwanage
38%
40,952South WestTrowbridge
38%
21,070ScotlandBathgate
37%
34,821Yorkshire HumberBentley
37%
40,000West MidlandsBloxwich
37%
11,754East MidlandsBolsover
37%
32,872Yorkshire HumberBrighouse
37%
20,059South EastChalfont Saint Peter
37%
21,002South WestClevedon
37%
33,180North EastCramlington
37%
30,555South EastDeal
37%
17,161North WestDenton
37%
10,734East of EnglandDiss
37%
14,992South WestDursley
37%
22,980ScotlandElgin
37%
52,392South EastEsher
37%
55,265West MidlandsHalesowen
37%
37,840North EastHoughton-Le-Spring
37%
33,955East of EnglandLetchworth
37%
43,529East of EnglandLetchworth Garden City
37%
12,531East MidlandsMablethorpe
37%
11,773West MidlandsMarket Drayton
37%
13,595North WestMiddlewich
37%
29,317North WestNelson
37%
12,857WalesNelson
37%
14,974South EastPetersfield
37%
15,190ScotlandPort Glasgow
37%
17,738North WestRamsbottom
37%
17,976North WestSandbach
37%
12,569South WestSidmouth
37%
10,510ScotlandStranraer
37%
12,911South WestStreet
37%
40,960East MidlandsSwadlincote
37%
22,356North EastThornaby-on-Tees
37%
17,295Yorkshire HumberThorne
37%
41,198North WestUrmston
37%
33,555West MidlandsWednesfield
37%
30,195South EastWhitstable
37%
34,406South WestYate
37%
13,737South WestBridport
36%
63,576WalesBuckley
36%
59,236Northern IrelandCraigavon
36%
26,523South EastEast Grinstead
36%
16,979North EastGuisborough
36%
15,067South EastNewport Pagnell
36%
19,914North WestPoulton-le-Fylde
36%
94,782East of EnglandRaleigh
36%
11,929East of EnglandTring
36%
37,379Yorkshire HumberYeadon
36%
46,280South EastBanstead
35%
15,476WalesBlackwood
35%
13,018East MidlandsBrackley
35%
56,679Northern IrelandCastlereagh
35%
19,829South EastFaversham
35%
24,325LondonFeltham
35%
22,413West MidlandsKenilworth
35%
15,079Yorkshire HumberMexborough
35%
10,458South WestMidsomer Norton
35%
10,830West MidlandsOldbury
35%
17,161South EastRomsey
35%
11,657East of EnglandSandy
35%
22,373North EastSeaham
35%
19,175South EastShoreham-by-Sea
35%
17,359East MidlandsSleaford
35%
20,586West MidlandsStourport-on-Severn
35%
17,463South WestTeignmouth
35%
10,472East of EnglandAbbots Langley
34%
10,116South WestAmesbury
34%
10,549East of EnglandAttleborough
34%
13,868East of EnglandBeccles
34%
16,974North EastBedlington
34%
29,981West MidlandsBedworth
34%
21,997East of EnglandBerkhamsted
34%
14,231South WestBishops Cleeve
34%
28,000West MidlandsBrierley Hill
34%
23,325South WestBurnham-on-Sea
34%
22,500South WestCamborne
34%
23,056Yorkshire HumberChapeltown
34%
20,649South EastChesham
34%
23,834West MidlandsDroitwich
34%
11,060Yorkshire HumberFeatherstone
34%
14,175West MidlandsFeatherstone
34%
17,280ScotlandGrangemouth
34%
21,000Yorkshire HumberGuiseley
34%
30,240East of EnglandHarpenden
34%
16,390ScotlandJohnstone
34%
22,971North WestLitherland
34%
16,446South EastLymington
34%
48,233LondonMorden
34%
14,403North EastMorpeth
34%
29,363Northern IrelandNewtownards
34%
24,103South WestPlymstock
34%
22,000Northern IrelandPortadown
34%
22,639East of EnglandPotters Bar
34%
22,010ScotlandRenfrew
34%
15,566South WestSaltash
34%
27,784South EastSunbury-on-Thames
34%
21,839South EastSwanley
34%
20,000North WestSwinton
34%
12,280South WestTavistock
34%
34,169South EastTotton
34%
14,680ScotlandTroon
34%
15,768North WestBebington
33%
12,657West MidlandsBridgnorth
33%
29,244West MidlandsBurntwood
33%
11,917East of EnglandChorleywood
33%
10,100ScotlandEllon
33%
13,970ScotlandForfar
33%
13,140ScotlandFraserburgh
33%
12,660ScotlandGalashiels
33%
43,793North WestGreat Sankey
33%
13,109Northern IrelandHolywood
33%
11,340ScotlandLargs
33%
11,656Yorkshire HumberLiversedge
33%
18,241North WestMarple
33%
23,437WalesPenarth
33%
16,989South WestWestbury
33%
19,463South EastWeybridge
33%
16,625North EastWhickham
33%
19,481Yorkshire HumberAdwick le Street
32%
16,551East of EnglandBiggleswade
32%
18,612East MidlandsEastwood
32%
16,302South EastHartley
32%
14,170South EastHythe
32%
20,201South EastHythe
32%
13,804Yorkshire HumberKnottingley
32%
10,956Yorkshire HumberPenistone
32%
16,739East of EnglandRochford
32%
11,265South WestRoyal Wootton Bassett
32%
15,781Yorkshire HumberRoyston
32%
20,155South EastSandown
32%
11,370ScotlandStonehaven
32%
11,717East of EnglandTilbury
32%
35,932North WestTyldesley
32%
35,937North WestWalkden
32%
32,975East of EnglandWickford
32%
14,978South EastAddlestone
31%
22,550East MidlandsAlfreton
31%
10,406North EastAnnfield Plain
31%
17,620ScotlandBarrhead
31%
23,417East MidlandsBelper
31%
13,074South WestChard
31%
27,393Yorkshire HumberCleckheaton
31%
11,460ScotlandCowdenbeath
31%
10,507Northern IrelandDownpatrick
31%
19,306North WestDukinfield
31%
16,941East of EnglandFrinton-on-Sea
31%
22,689South EastGodalming
31%
18,300East of EnglandHadleigh
31%
35,174East of EnglandHoddesdon
31%
10,750Yorkshire HumberImmingham
31%
12,660North WestInce-in-Makerfield
31%
18,421Northern IrelandLarne
31%
10,938West MidlandsLeominster
31%
11,608North WestLymm
31%
13,574East MidlandsMarket Deeping
31%
13,140ScotlandMayfield
31%
17,968East MidlandsNew Mills
31%
21,616Yorkshire HumberOssett
31%
14,668Yorkshire HumberOtley
31%
10,135North EastPonteland
31%
21,097East MidlandsRipley
31%
24,033West MidlandsRugeley
31%
12,842West MidlandsSmethwick
31%
19,460East of EnglandSouth Ockendon
31%
28,725East of EnglandStanford-le-Hope
31%
21,028East of EnglandStowmarket
31%
13,567North EastThe Boldons
31%
18,452South EastUckfield
31%
11,356North WestUlverston
31%
10,000East of EnglandWaltham Cross
31%
17,490South WestWarminster
31%
26,260North WestWesthoughton
31%
13,572Yorkshire HumberWetherby
31%
30,259North WestWinsford
31%
20,026East of EnglandAmpthill
30%
13,797South EastBeaconsfield
30%
17,380East of EnglandBushey
30%
25,681Northern IrelandColeraine
30%
13,651South EastHaslemere
30%
14,050ScotlandHawick
30%
15,265North WestHazel Grove
30%
11,851South WestIvybridge
30%
11,915North WestKirkham
30%
16,808South EastLongfield
30%
23,753South EastNew Milton
30%
13,452South EastOxted
30%
15,672WalesPorthcawl
30%
22,023East MidlandsRetford
30%
25,362WalesRhosllanerchrugog
30%
17,766North EastSpennymoor
30%
10,086EnglandBaldock
29%
16,173Northern IrelandBanbridge
29%
29,663South EastEgham
29%
25,680North WestFarnworth
29%
29,789North WestHeswall
29%
12,760ScotlandInverurie
29%
20,000West MidlandsKingswinford
29%
13,807North WestLittleborough
29%
34,239North WestRadcliffe
29%
31,180ScotlandRutherglen
29%
11,938South EastSheerness
29%
10,369South WestShepton Mallet
29%
11,687South WestThornbury
29%
18,505South EastWantage
29%
16,008West MidlandsAldridge
28%
23,709WalesAmmanford
28%
14,974North EastBlaydon-on-Tyne
28%
10,271North WestBrierfield
28%
30,635South EastBurgess Hill
28%
17,274South WestCalne
28%
30,155South EastCamberley
28%
20,957South EastCaterham
28%
20,118North WestColne
28%
29,137North EastConsett
28%
13,080Yorkshire HumberDriffield
28%
21,124East MidlandsDronfield
28%
23,689North WestDroylsden
28%
15,625Yorkshire HumberElland
28%
14,838Yorkshire HumberGarforth
28%
11,467North WestGreat Harwood
28%
27,041East of EnglandHaverhill
28%
23,122East MidlandsHeanor
28%
12,184South WestHelston
28%
11,483South WestHoniton
28%
29,728East MidlandsHucknall
28%
29,480West MidlandsKidsgrove
28%
13,320ScotlandLinlithgow
28%
21,462East of EnglandMaldon
28%
18,800Yorkshire HumberMirfield
28%
20,543South WestNailsea
28%
15,352South WestNeston
28%
15,064North WestNeston
28%
18,579South EastPeacehaven
28%
22,584South EastSeaford
28%
13,505East MidlandsShepshed
28%
10,211South EastSnodland
28%
25,719East MidlandsStaveley
28%
13,069Yorkshire HumberStocksbridge
28%
11,690Yorkshire HumberTodmorden
28%
27,500West MidlandsWillenhall
28%
15,518Yorkshire HumberWombwell
28%
11,237South WestAtherstone
27%
13,047North WestBacup
27%
20,650ScotlandBellshill
27%
15,360ScotlandBroxburn
27%
10,298East of EnglandChatteris
27%
15,000North WestCleveleys
27%
10,884East of EnglandDownham Market
27%
17,333North WestHaydock
27%
18,696North WestHorwich
27%
19,357South WestMelksham
27%
14,351North WestPoynton
27%
12,043East of EnglandRickmansworth
27%
14,084South EastRingwood
27%
15,732South EastSwanscombe
27%
20,308West MidlandsBrownhills
26%
27,610ScotlandCambuslang
26%
10,553South EastChertsey
26%
16,724South EastCobham
26%
11,081Northern IrelandCookstown
26%
11,082South EastCranleigh
26%
20,651East of EnglandDereham
26%
15,530ScotlandErskine
26%
14,422WalesLlantrisant
26%
10,946WalesAbertillery
25%
15,710Yorkshire HumberBaildon
25%
27,340ScotlandBearsden
25%
17,669West MidlandsBiddulph
25%
11,684South WestBlandford Forum
25%
16,360ScotlandBonnyrigg
25%
11,373WalesCaldicot
25%
15,934Yorkshire HumberConisbrough
25%
11,903Yorkshire HumberCudworth
25%
11,935Northern IrelandDungannon
25%
18,777South EastEmsworth
25%
20,633South EastGerrards Cross
25%
10,570ScotlandGourock
25%
11,906East of EnglandHalstead
25%
18,808North EastHebburn
25%
11,542Yorkshire HumberHeckmondwike
25%
21,232South EastHorley
25%
15,641South WestKeynsham
25%
15,829South EastKidlington
25%
11,273East MidlandsKimberley
25%
15,965Yorkshire HumberKippax
25%
19,630ScotlandKirkintilloch
25%
10,823West MidlandsKnowle
25%
11,329North WestLittle Lever
25%
21,001WalesMaesteg
25%
13,110ScotlandMilngavie
25%
11,230WalesMountain Ash
25%
26,000LondonNortholt
25%
16,110ScotlandPenicuik
25%
22,848North WestRoyton
25%
10,550South EastSelsey
25%
14,198Northern IrelandStrabane
25%
17,161Yorkshire HumberWath-upon-Dearne
25%
25,353East of EnglandWitham
25%
13,511West MidlandsWombourn
25%
17,090ScotlandBlantyre
24%
15,126North WestBredbury
24%
12,720ScotlandDalkeith
24%
15,204North WestHaslingden
24%
17,016North WestHeysham
24%
19,442North WestIrlam
24%
17,513Yorkshire HumberMaltby
24%
13,061North WestMilnrow
24%
12,075North EastPrudhoe
24%
22,114North WestRawtenstall
24%
20,978WalesRisca
24%
13,690ScotlandRosyth
24%
18,835Yorkshire HumberSouth Elmsall
24%
23,545North WestWhitefield
24%
13,347North WestAlsager
23%
13,494South EastAshtead
23%
10,435North WestBarnoldswick
23%
13,370ScotlandCarluke
23%
11,430ScotlandCarnoustie
23%
12,942South WestCinderford
23%
19,578East MidlandsEarl Shilton
23%
12,739South EastFrimley
23%
20,581WalesGorseinon
23%
19,193West MidlandsGreat Wyrley
23%
19,977South EastHailsham
23%
11,894Yorkshire HumberHaxby
23%
13,100North EastHetton-Le-Hole
23%
24,169North WestHindley
23%
19,350Yorkshire HumberHorsforth
23%
14,382East of EnglandMildenhall
23%
16,093North EastRyton
23%
10,885East MidlandsShirebrook
23%
15,485South EastSouth Hayling
23%
24,274South EastThatcham
23%
20,214South EastYateley
23%
20,978South EastBordon
22%
16,364South EastCarterton
22%
14,906South WestCorsham
22%
10,697East MidlandsDesborough
22%
19,860Yorkshire HumberDinnington
22%
13,985Northern IrelandDundonald
22%
12,070ScotlandGiffnock
22%
24,021North WestGolborne
22%
10,225Yorkshire HumberHorbury
22%
15,842Yorkshire HumberHoyland
22%
12,730South EastHurstpierpoint
22%
19,873East of EnglandKempston
22%
16,420ScotlandKilwinning
22%
11,360South WestKingsteignton
22%
15,020ScotlandLarkhall
22%
12,970Northern IrelandLimavady
22%
23,458Yorkshire HumberLofthouse
22%
10,758West MidlandsPelsall
22%
20,000South EastPortslade
22%
12,800ScotlandSaltcoats
22%
11,508East MidlandsSyston
22%
11,049North WestTimperley
22%
20,978WalesTredegar
22%
13,360South WestVerwood
22%
11,460ScotlandWhitburn
22%
30,510ScotlandWishaw
22%
11,770ScotlandArmadale
21%
12,911Yorkshire HumberArmthorpe
21%
37,838East of EnglandBishop's Shortford
21%
10,738LondonBuckhurst Hill
21%
20,555North WestFailsworth
21%
17,650South WestFerndown
21%
17,297East MidlandsMountsorrel
21%
12,463East of EnglandNorth Walsham
21%
16,020ScotlandViewpark
21%
12,156LondonWest Drayton
21%
11,600ScotlandWesthill
21%
10,127North WestKearsley
20%
26,997North WestMaghull
20%
13,701WalesPyle
20%
11,200East of EnglandWoodbridge
20%
25,506North WestBramhall
19%
11,673West MidlandsCodsall
19%
20,607South EastCrowborough
19%
11,020East of EnglandKesgrave
19%
18,616Yorkshire HumberRawmarsh
19%
15,836South EastTadley
19%
11,840ScotlandTranent
19%
25,522South EastCrowthorne
16%

Score Distribution

Percentile by Number Answered

Percent of People with Each Score

Your Score History

You have not taken this quiz since the last reset